000 00554nam a2200193Ia 4500
003 IN-BaIIA
008 211028s9999 xx 000 0 eng d
020 _a0-285-62633-7
040 _cIIA Library
080 _a524.83
_bHAW
100 _aHawinks, Gerald S
_913782
245 0 _aMindsteps to the Cosmos
_cGerald S Hawinks
260 _aLondon
_bSouvenir Press
_c1983
300 _ax, 340p.
650 _aAstronomy and astrophysics thesaurus
650 _aCosmology
650 _aUniverse
_91987
942 _cBK
999 _c8198
_d8198